FMD - continuing support (Record no. 69827)

MARC details
000 -LEADER
fixed length control field 01024cam a2200217 4500
001 - CONTROL NUMBER
control field WB3811-36
008 - FIXED-LENGTH DATA ELEMENTS--GENERAL INFORMATION
fixed length control field 020321n2002 000 0 eng u
035 ## - SYSTEM CONTROL NUMBER
System control number (Sirsi) u117200
245 ## - TITLE STATEMENT
Title FMD - continuing support
260 ## - PUBLICATION, DISTRIBUTION, ETC.
Date of publication, distribution, etc. 2002
490 ## - SERIES STATEMENT
Series statement Inland Revenue Press Release
Volume/sequential designation (JW5/02) 19 March 2002, (1)
520 ## - SUMMARY, ETC.
Summary, etc. The Inland Revenue and HM Customs & Excise will continue to support businesses and individuals facing financial difficulty resulting from the foot and mouth crisis. The departments will continue to operate a helpline, reschedule VAT payment periods, defer tax, VAT and NIC payments, and negotiate time to pay arrangements for those adversely affected. http://www.nds.coi.gov.uk/coi/coipress.nsf/1da827e79df1aaf98025673500583789/92727bf6d97b063a80256b8100563b67?OpenDocument
590 ## - LOCAL NOTE (RLIN)
Local note WB
650 ## - SUBJECT ADDED ENTRY--TOPICAL TERM
Topical term or geographic name entry element INLAND REVENUE
650 ## - SUBJECT ADDED ENTRY--TOPICAL TERM
Topical term or geographic name entry element FARMING INDUSTRY
650 ## - SUBJECT ADDED ENTRY--TOPICAL TERM
Topical term or geographic name entry element VALUE ADDED TAX
650 ## - SUBJECT ADDED ENTRY--TOPICAL TERM
Topical term or geographic name entry element FOOT-AND-MOUTH DISEASE
650 ## - SUBJECT ADDED ENTRY--TOPICAL TERM
Topical term or geographic name entry element RURAL BUSINESSES
690 ## - LOCAL SUBJECT ADDED ENTRY--TOPICAL TERM (OCLC, RLIN)
Topical term or geographic name as entry element Rural
9 (RLIN) 6268
942 ## - ADDED ENTRY ELEMENTS (KOHA)
Suppress in OPAC 0
Holdings
Withdrawn status Lost status Source of classification or shelving scheme Damaged status Not for loan Home library Current library Shelving location Date acquired Total Checkouts Full call number Barcode Date last seen Copy number Price effective from Koha item type
    Dewey Decimal Classification     London London News article 21/03/2002   WB3811-36 117200-1001 06/08/2019 1 06/08/2019 News article